00395nam a22001457a 450000500170000002000180001704100120003508200160004710000220006324501140008525000070019926000240020630000080023036500110023820260323161713.0 a9788198510891 aEnglish aT10 R25 STE aStephen Jeyaseela aThamizh Pulavargalum Cheyyulgalum: Idaikaala Samaya Thodarpu Muthal Puththulaga Kaala Samooga Ilakkiyam Varai a01 aChennaibNCBHc2025 a136 b125.00